00270nam a2200109Ia 4500100003200000654000800032245005600040260002600096082001800122300000800140546001200148 aRabiner/lawrence/ Gold/ B.  aDSP aTheory and application of Digital signal processing bPrentice Hallc2005 a621.3822bRAB a762 aENGLISH